UBT Library

Lost mountain : (Record no. 41629)

000 -LEADER
fixed length control field 01124cam a22002774a 4500
001 - CONTROL NUMBER
control field 14108189
005 - DATE AND TIME OF LATEST TRANSACTION
control field 20180202065952.0
008 - FIXED-LENGTH DATA ELEMENTS--GENERAL INFORMATION
fixed length control field 050914s2006 nyua b 000 0 eng
010 ## - LIBRARY OF CONGRESS CONTROL NUMBER
LC control number 2005052921
020 ## - INTERNATIONAL STANDARD BOOK NUMBER
International Standard Book Number 1594489084
020 ## - INTERNATIONAL STANDARD BOOK NUMBER
International Standard Book Number 9781594489082
035 ## - SYSTEM CONTROL NUMBER
System control number (OCoLC)ocm61731513
040 ## - CATALOGING SOURCE
Original cataloging agency DLC
Transcribing agency DLC
Modifying agency BAKER
-- C#P
-- DLC
041 ## - LANGUAGE CODE
Language code of text/sound track or separate title eng
042 ## - AUTHENTICATION CODE
Authentication code pcc
043 ## - GEOGRAPHIC AREA CODE
Geographic area code n-usa--
080 ## - UNIVERSAL DECIMAL CLASSIFICATION NUMBER
Universal Decimal Classification number 622/.2920974 ERI
082 00 - DEWEY DECIMAL CLASSIFICATION NUMBER
Classification number 622/.2920974 ERI
Edition number 22
100 1# - Rafti
Rafti 9
101 ## - Shkurtesa
Shkurtesa MJE
245 10 - TITLE STATEMENT
Title Lost mountain :
Statement of responsibility, etc Erik Reece ; foreword by Wendell Berry ; photographs by John J. Cox.
504 ## - BIBLIOGRAPHY, ETC. NOTE
Bibliography, etc Includes bibliographical references (p. 249-250).
906 ## - LOCAL DATA ELEMENT F, LDF (RLIN)
a 7
b cbc
c orignew
d 1
e ocip
f 20
g y-gencatlg
942 ## - ADDED ENTRY ELEMENTS (KOHA)
Source of classification or shelving scheme
Item type Books
Holdings
Withdrawn status Lost status Source of classification or shelving scheme Damaged status Not for loan Collection code Permanent location Current location Shelving location Date acquired Total Checkouts Full call number Barcode Date last seen Price effective from Koha item type
          Koleksioni i përgjithshem UBT - Lipjan UBT - Lipjan Koleksioni i përgjithshem 02/02/2018   622/.2920974 ERI 002-2997516 02/02/2018 02/02/2018 Books
UBT Library © 2015-2024. All rights reserved University Education for Business and Technology